000 00655nam a22002057a 4500
005 20241104130708.0
008 201117s ||||| |||| 00| 0 ger d
020 _a9783191119027
040 _cDLC
080 _a811.112.2
_bB-85
100 _960
_aBreitsameter Anna
245 _aMenschen: Deutch als Fremdsprache Arbeitsbuch: Level A2
_c / by Huber Verlag. Authors: Ann Breitsameter, Sabine Glas-Peters, Angela Pude,
260 _agermany
_bHueber
_c2013
300 _a213 p.
_b2 CDs
650 _2German Language
653 _aგერმანული ენა
700 _952
_aPude Angela
700 _954
_aGlas-Peters Sabine
942 _2udc
_cBK
999 _c263
_d263